Guru Nanak dev. (Record no. 80279)

MARC details
000 -LEADER
fixed length control field 00602nam a2200205Ia 4500
003 - CONTROL NUMBER IDENTIFIER
control field OSt
005 - DATE AND TIME OF LATEST TRANSACTION
control field 20260410122816.0
008 - FIXED-LENGTH DATA ELEMENTS--GENERAL INFORMATION
fixed length control field 210210b1971 xxu||||| |||| 00| 0 eng d
040 ## - CATALOGING SOURCE
Transcribing agency AL
041 ## - LANGUAGE CODE
Language code of text/sound track or separate title Hindi
082 ## - DEWEY DECIMAL CLASSIFICATION NUMBER
Classification number 294.66H TRIG
100 ## - MAIN ENTRY--PERSONAL NAME
Personal name TRIPATI (Ramprasad) and SHASTRI.
Dates associated with a name त्रिपाठी (रामप्रसाद)
9 (RLIN) 261382
245 ## - TITLE STATEMENT
Title Guru Nanak dev.
Remainder of title गुरु नानक देव
260 ## - PUBLICATION, DISTRIBUTION, ETC.
Place of publication, distribution, etc. Hilahabad.
Name of publisher, distributor, etc. Navabarathi Prakashan.,
Date of publication, distribution, etc. 1971
300 ## - PHYSICAL DESCRIPTION
Extent 72
650 ## - SUBJECT ADDED ENTRY--TOPICAL TERM
Topical term or geographic name entry element Guru Nanak Sikhs
9 (RLIN) 261383
690 ## - LOCAL SUBJECT ADDED ENTRY--TOPICAL TERM (OCLC, RLIN)
Topical term or geographic name as entry element Hinduism
9 (RLIN) 261384
906 ## - LOCAL DATA ELEMENT F, LDF (RLIN)
a 029051
942 ## - ADDED ENTRY ELEMENTS (KOHA)
Source of classification or shelving scheme Dewey Decimal Classification
Koha item type Book
Holdings
Withdrawn status Lost status Source of classification or shelving scheme Damaged status Not for loan Collection code Home library Current library Shelving location Date acquired Cost, normal purchase price Total Checkouts Full call number Barcode Date last seen Price effective from Koha item type
    Dewey Decimal Classification     Others St Aloysius Library St Aloysius Library   02/17/2021 30.00   294.66H TRIG 029051 02/17/2021 02/17/2021 Book